| 000 | 00623nam a2200169 i 4500 | ||
|---|---|---|---|
| 001 | 98488 | ||
| 003 | ES-MaACL | ||
| 005 | 20230906182309.0 | ||
| 007 | t| | ||
| 008 | 050921s1879 sp ||||1| spa d | ||
| 100 | 1 |
_aEspinal y Fuster, José. _947843 |
|
| 245 | 1 | 0 |
_aCuadro geológico, físico y meteorológico de la tierra y del reloj cosmográfico dedicado a la Excma. Junta Provincial de Instrucción Pública de Barcelona / _cpor José Espinal y Fuster. |
| 260 |
_aBarcelona : _b[s.n.], _c1879 ( _fTip. Celestino Verdaguer) |
||
| 300 |
_a19 p. ; _c24 cm. |
||
| 852 |
_aES-MaACL _jT-324-F-5 |
||
| 852 |
_aES-MaACL _j1504-F-3 |
||
| 999 |
_c98488 _d98488 |
||